[Event "Regular Quad, S40379"]
[Site "CCLA"]
[Date "2014.11.10"]
[Round "?"]
[White "Berger, Byron"]
[Black "Rasmussen, Bruce A."]
[Result "1-0"]
[WhiteElo "1516"]
[BlackElo "1539"]

1. e4 e5 2. Nf3 d6 3. d4 Qf6 4. Nc3 Nc6 5. Bb5 Bd7 6. d5 Nb8 7. Bxd7+ Nxd7
8. O-O Qg6 9. Be3 Ngf6 10. Nh4 Qg4 11. Qxg4 Nxg4 12. Bg5 f6 13. Bd2 Be7 
14. Nf5 Bf8 15. h3 Nh6 16. Nxh6 gxh6 17. Ne2 O-O-O 18. b4 c6 19. c4 a6 20.
 a4 Nb6 21. Rfc1 c5 22. bxc5 dxc5 23. a5 Nd7 24. Rcb1 Kc7 25. Ng3 Rb8 26. 
Nf5 b5 27. axb6+ Nxb6 28. Ba5 h5 29. Rxb6 Rxb6 30. Rb1 1-0

[Event "Regular Quad, S40359"]
[Site "CCLA"]
[Date "2014.10.20"]
[Round "?"]
[White "Eife, Gunter"]
[Black "Martindale, Roger"]
[Result "1-0"]
[WhiteElo "1448"]
[BlackElo "1209"]

1. e4 e5 2. Nf3 d6 3. d4 Bd7 4. dxe5 dxe5 5. Nxe5 Nf6 6. Nc3 a6 7. Bc4 Be6
8. Qxd8+ Kxd8 9. Bxe6 Ke7 10. Bxf7 Nc6 11. Nxc6+ bxc6 12. Bc4 h6 13. Bf4 
Ra7 14. O-O Ke8 15. Rfe1 Be7 16. e5 Nd5 17. Nxd5 cxd5 18. Bxd5 Bg5 19. 
Bxg5 hxg5 20. Rad1 c5 21. Bc6+ Ke7 22. e6 Rc7 23. Rd7+ Rxd7 24. exd7+ Kd6 
25. Re8 Rh4 26. d8=Q+ 1-0

[Event "Herbert W. Gustafson Memorial, S47199"]
[Site "CCLA"]
[Date "2014.10.27"]
[Round "?"]
[White "Cain, Larry F."]
[Black "Martindale, Roger"]
[Result "1-0"]
[WhiteElo "1349"]
[BlackElo "1251"]

1. e4 e5 2. Nf3 d6 3. d4 a6 4. dxe5 Bd7 5. exd6 Nf6 6. dxc7 h6 7. cxd8=Q+ 
Kxd8 8. Nc3 Nc6 9. g3 Bb4 10. Bd2 Re8 11. Qe2 Bc5 12. Bg2 g5 13. O-O-O g4 
14. Ne1 Nd4 15. Qc4 b5 16. Qxf7 Ng8 17. Qd5 Rc8 18. h3 b4 19. Na4 Nf6 20. 
Qb7 Bc6 21. Qxa6 Ne2+ 22. Qxe2 Bxa4 23. Bxb4+ Nd7 24. Qxg4 Rc7 25. Ba5 Bb6
26. Bxb6 Re7 27. Qg8+ Re8 28. Bxc7+ Ke7 29. Qg7+ Ke6 30. Qxh6+ Nf6 31. 
Rd6+ 1-0

[Event "Continuous Server Series, S40149"]
[Site "CCLA"]
[Date "2014.05.05"]
[Round "?"]
[White "Fausey, Verna M."]
[Black "Risovic, Aleksandar"]
[Result "1-0"]
[WhiteElo "1747"]
[BlackElo "1672"]

1. e4 e5 2. Nf3 Nf6 3. d4 d6 4. dxe5 Nxe4 5. Qd5 Nc5 6. Bg5 Qd7 7. exd6 
Qxd6 8. Bc4 Be6 9. Qxd6 Bxd6 10. Nbd2 O-O 11. O-O Nc6 12. Rfe1 Rfe8 13. 
Bb5 Bd7 14. Nc4 a6 15. Nxd6 cxd6 16. Bc4 Be6 17. Bxe6 Rxe6 18. Bf4 Rd8 19.
 h3 h6 20. a3 1-0

[Event "3rd TCCL Friendly Server Tournament, 3rdTCCL"]
[Site "CCLA"]
[Date "2014.07.10"]
[Round "?"]
[White "Dressler, River"]
[Black "Latta, Richard W."]
[Result "0-1"]
[WhiteElo "1293"]
[BlackElo "1396"]

1. e4 e5 2. Nf3 Nf6 3. Nc3 Bc5 4. Nxe5 Qe7 5. f4 d6 6. Nf3 Ng4 7. Nd5 Bf2+
8. Ke2 Qxe4+ 9. Ne3 O-O 10. d3 Qe7 11. h3 Nxe3 12. Qd2 Nc4+ 13. Kxf2 Nxd2 
14. Bxd2 Nc6 15. Re1 Qf6 16. Bc3 Qxf4 17. g3 Qa4 18. Ra1 Qxc2+ 19. Nd2 Bf5
20. Be2 Ne5 21. Bd1 Qxd3 22. g4 Be6 23. Be2 Qg6 24. h4 Qf6+ 25. Kg2 Bd5+ 
26. Kh3 h5 27. g5 Qf2 28. Rh2 Be6+ 29. Bg4 Bxg4# 0-1

[Event "Herbert W. Gustafson Memorial, S47209"]
[Site "CCLA"]
[Date "2014.10.27"]
[Round "?"]
[White "Cantrell, Dennis"]
[Black "Howard, James"]
[Result "1-0"]
[WhiteElo "1211"]
[BlackElo "1145"]

1. e4 e5 2. Nf3 Nf6 3. Nc3 Bc5 4. Bb5 c6 5. Bc4 O-O 6. d4 d5 7. Bg5 Bxd4 
8. Nxd4 dxc4 9. Nf3 Bg4 10. Qxd8 Rxd8 11. O-O Nbd7 12. Nd2 Nc5 13. Nxc4 
Ncxe4 14. Nxe5 Rd2 15. Bxd2 Rd8 16. Nxg4 Nxd2 17. Nxf6+ Kf8 18. Rfe1 gxf6 
19. Rad1 f5 20. Re2 b5 21. Rexd2 Re8 22. Ne2 c5 23. Rd8 b4 24. Rxe8+ Kxe8 
25. Rd5 c4 26. c3 b3 27. a3 Ke7 28. Rxf5 Ke6 29. Nd4+ Kd6 30. Rxf7 Ke5 31.
 Nc6+ Ke4 32. Rd7 a5 33. Nxa5 h5 34. Rd4+ Ke5 35. Rxc4 Kd5 36. Rc8 Ke4 37.
 Nxb3 1-0

[Event "Regular Quad, S40399"]
[Site "CCLA"]
[Date "2014.11.24"]
[Round "?"]
[White "Berger, Byron"]
[Black "Miller, Allan A."]
[Result "1-0"]
[WhiteElo "1516"]
[BlackElo "1563"]

1. Nc3 e5 2. e4 Nf6 3. Nf3 Bb4 4. Nxe5 O-O 5. Be2 Re8 6. Nd3 Nxe4 7. Nxb4 
Nxf2 8. Kxf2 Qh4+ 9. g3 Qxb4 10. Bf3 Nc6 11. Nd5 Qd4+ 12. Kg2 Qe5 13. d4 
Nxd4 14. Bf4 1-0

[Event "Regular Quad, S40449"]
[Site "CCLA"]
[Date "2014.12.19"]
[Round "?"]
[White "Smiley, William R."]
[Black "Berger, Byron"]
[Result "1/2-1/2"]
[WhiteElo "1530"]
[BlackElo "1516"]

1. e4 e5 2. Nf3 Nf6 3. Nxe5 d6 4. Nf3 Nxe4 5. d3 Nf6 6. Bg5 Be7 7. Be2 O-O
8. O-O Re8 9. Nbd2 Nc6 10. h3 d5 11. d4 h6 12. Be3 Bf5 13. c3 Bd6 14. Re1 
Ne4 15. Nf1 g5 16. N3h2 Qf6 17. Bg4 Kg7 18. Qf3 Bxg4 19. Qxf6+ Kxf6 20. 
hxg4 Ne7 21. Re2 Kg6 22. Rae1 f5 23. gxf5+ Nxf5 24. Nd2 Nxd2 25. Bxd2 Rxe2
26. Rxe2 Ng7 27. Nf1 Re8 28. Rxe8 1/2-1/2

[Event "Winter Server Series, S40011"]
[Site "CCLA"]
[Date "2014.01.27"]
[Round "?"]
[White "Sereni, Vincent T."]
[Black "Cross, Gregory W."]
[Result "1/2-1/2"]
[WhiteElo "2118"]
[BlackElo "2172"]

1. e4 e5 2. Nf3 Nf6 3. Nxe5 d6 4. Nf3 Nxe4 5. d4 d5 6. Bd3 Be7 7. Nc3 Nxc3
8. bxc3 O-O 9. O-O c5 10. dxc5 Bxc5 11. Re1 Nc6 12. Be3 Qa5 13. Bxc5 Qxc5 
14. Qd2 Rb8 15. Rab1 a6 16. h3 h6 17. Qe3 Qxe3 18. Rxe3 b5 19. Nd4 Bd7 20.
 Nb3 Rbe8 21. Rbe1 Rxe3 22. Rxe3 Rc8 23. Nc5 Nb8 24. Nxd7 Nxd7 25. Bf5 Rd8
26. Re7 Nf8 27. Ra7 g6 28. Bg4 f5 29. Be2 Rd6 30. a4 bxa4 31. Bxa6 Rd7 32.
 Ra8 Rc7 33. Bb5 Rxc3 34. Bxa4 Kf7 35. Bb3 Ne6 1/2-1/2

[Event "2014 Server Championship, S40029"]
[Site "CCLA"]
[Date "2014.01.27"]
[Round "?"]
[White "Weiner, Jerry"]
[Black "Cross, Gregory W."]
[Result "1-0"]
[WhiteElo "2302"]
[BlackElo "2172"]

1. e4 e5 2. Nf3 Nf6 3. Nxe5 d6 4. Nf3 Nxe4 5. d4 d5 6. Bd3 Be7 7. O-O Nc6 
8. Nbd2 Nd6 9. c3 Bf5 10. Nb3 Bxd3 11. Qxd3 O-O 12. Re1 Ne4 13. Qb5 Rb8 
14. Bf4 Re8 15. Nfd2 Nf6 16. h3 h6 17. Bg3 Bd6 18. Rxe8+ Qxe8 19. Bxd6 
cxd6 20. Nf1 a6 21. Qd3 Qe4 22. Qd2 Re8 23. Ne3 Re6 24. Re1 Qg6 25. Nc1 
Qg5 26. Nd3 Na5 27. f4 Qg3 28. Qf2 Qxf2+ 29. Kxf2 Nc4 30. f5 Re7 31. Nd1 
Kf8 32. Nf4 b5 33. Rxe7 Kxe7 34. g4 Kd7 35. Kf3 Kc6 36. Ke2 Kd7 37. Kf3 
Kc6 38. h4 Ne4 39. b3 Ncd2+ 40. Ke2 a5 41. h5 a4 42. f6 gxf6 43. Kd3 axb3 
44. axb3 Nxb3 45. Ne3 Nf2+ 46. Ke2 Ne4 47. Nfxd5 Nc1+ 48. Kf3 Nd2+ 49. Kf4
Ne2+ 50. Kf5 Nc4 51. Kxf6 Nxc3 52. Nb4+ Kd7 53. Ned5 Nxd5+ 54. Nxd5 Nd2 
55. Kxf7 Nf3 56. Kg6 Ke6 57. Nc7+ Kd7 58. Nxb5 Kc6 59. Kxh6 Kxb5 60. Kg6 
Nxd4 61. h6 1-0

[Event "Herbert W Gustafson Memorial, S47129"]
[Site "CCLA"]
[Date "2014.10.27"]
[Round "?"]
[White "Strelecky, Rich"]
[Black "Berger, Byron"]
[Result "1-0"]
[WhiteElo "1584"]
[BlackElo "1516"]

1. e4 e5 2. Nf3 Nf6 3. Nxe5 d6 4. Nf3 Nxe4 5. d4 d5 6. Bd3 Nc6 7. O-O Be7 
8. c4 Nb4 9. Bxe4 dxe4 10. Ne1 O-O 11. a3 Nc6 12. d5 Ne5 13. Qd4 Bf6 14. 
Qxe4 Re8 15. Nc3 c6 16. Nd3 Nd7 17. Qf3 Bxc3 18. bxc3 cxd5 19. cxd5 Nb6 
20. Nf4 Re5 21. Rd1 Bd7 22. Be3 Rc8 23. Bxb6 Qxb6 24. d6 Rce8 25. g3 h6 
26. Rab1 Qxb1 27. Rxb1 Re1+ 28. Rxe1 Rxe1+ 29. Kg2 Bc6 30. Nd5 1-0

[Event "Winter Server Series, S40011"]
[Site "CCLA"]
[Date "2014.01.27"]
[Round "?"]
[White "Galvin, John H."]
[Black "Branton, Gary"]
[Result "1-0"]
[WhiteElo "2191"]
[BlackElo "1856"]

1. e4 e5 2. Nf3 Nf6 3. Nxe5 d6 4. Nf3 Nxe4 5. d4 d5 6. Bd3 Nc6 7. O-O Be7 
8. c4 Nb4 9. cxd5 Nxd3 10. Qxd3 Qxd5 11. Re1 Bf5 12. g4 Bg6 13. Nc3 Nxf2 
14. Rxe7+ Kf8 15. Kxf2 Bxd3 16. Nxd5 c6 17. Re3 cxd5 18. Rxd3 Rc8 19. Rb3 
b6 20. Rb5 Rc2+ 21. Kg3 f6 22. Rxd5 Ke7 23. Bf4 Re2 24. Nh4 Rc8 25. Nf5+ 
Kf8 26. Rd7 g5 27. Bc7 Ke8 28. Rxh7 Re6 29. Nd6+ Rxd6 30. Re1+ Kf8 31. 
Bxd6+ Kg8 32. Ree7 Rc7 33. Rxc7 b5 34. Rcg7# 1-0

[Event "Summer Server Series, S40071"]
[Site "CCLA"]
[Date "2014.07.28"]
[Round "?"]
[White "Hadley, Douglas R."]
[Black "Laaman, Thomas"]
[Result "1/2-1/2"]
[WhiteElo "1576"]
[BlackElo "1588"]

1. e4 e5 2. Nf3 Nf6 3. Nxe5 d6 4. Nf3 Nxe4 5. d4 d5 6. Bd3 Nc6 7. O-O Be7 
8. c4 Nf6 9. Nc3 O-O 10. h3 Re8 11. c5 Be6 12. Bb5 Ne4 13. Nxe4 dxe4 14. 
Ne5 Bd5 15. Be3 Bf6 16. Nxc6 Bxc6 17. Bxc6 bxc6 18. Qa4 Qd5 1/2-1/2

[Event "NA Master/Expert Server Championship, S40099"]
[Site "CCLA"]
[Date "2014.04.30"]
[Round "?"]
[White "Quirk, Michael"]
[Black "Cross, Gregory W."]
[Result "1/2-1/2"]
[WhiteElo "2175"]
[BlackElo "2207"]

1. e4 e5 2. Nf3 Nf6 3. Nxe5 d6 4. Nf3 Nxe4 5. d4 d5 6. Bd3 Be7 7. O-O Nc6 
8. c4 Nb4 9. Be2 O-O 10. Nc3 Be6 11. Be3 Nxc3 12. bxc3 Nc6 13. cxd5 Bxd5 
14. Nd2 f5 15. f4 Na5 16. c4 Bf7 17. Qc2 Bf6 18. Nf3 c5 19. Rad1 Qe7 20. 
Bf2 Qe4 21. Bd3 Qxf4 22. d5 g6 23. Bg3 Qh6 24. Be1 b6 25. Bd2 Qg7 26. Bxa5
bxa5 27. Qd2 Bc3 28. Qf2 Bb4 29. Bb1 Rab8 30. Rd3 a4 31. Ng5 Ba5 32. Kh1 
Qf6 33. Nxf7 Rxf7 34. Qxc5 Bb4 35. Qc6 Qxc6 36. dxc6 Rc8 37. g4 fxg4 38. 
Rxf7 Kxf7 39. Rd7+ Kf6 40. Be4 Bc5 1/2-1/2

[Event "Winter Server Series, S40011"]
[Site "CCLA"]
[Date "2014.01.27"]
[Round "?"]
[White "Branton, Gary"]
[Black "Cross, Gregory W."]
[Result "0-1"]
[WhiteElo "1856"]
[BlackElo "2172"]

1. e4 e5 2. Nf3 Nf6 3. Nxe5 d6 4. Nf3 Nxe4 5. d4 d5 6. Bd3 Be7 7. O-O Nc6 
8. c4 Nb4 9. Be2 O-O 10. Nc3 Be6 11. Ne5 f6 12. Nf3 Kh8 13. a3 Nxc3 14. 
bxc3 Nc6 15. cxd5 Bxd5 16. Bd3 Qd7 17. Nh4 g6 18. Bxg6 f5 19. Bxf5 Rxf5 
20. Nxf5 Qxf5 21. f3 Rg8 22. Qe2 Bd6 23. g4 h5 24. h3 Qh7 25. g5 Na5 26. 
Re1 Nb3 27. Bd2 Nxd2 28. Qxd2 Qf5 29. Qf2 Rxg5+ 30. Kf1 Bc4+ 31. Re2 Qxh3+
32. Ke1 Qh1+ 33. Kd2 Qxa1 34. Re8+ Kh7 35. Qe1 Bf4+ 36. Kc2 Qa2+ 37. Kd1 
Qb1# 0-1

[Event "Winter Server Series, S40011"]
[Site "CCLA"]
[Date "2014.01.27"]
[Round "?"]
[White "Quirk, Michael"]
[Black "Branton, Gary"]
[Result "1-0"]
[WhiteElo "2205"]
[BlackElo "1856"]

1. e4 e5 2. Nf3 Nf6 3. Nxe5 d6 4. Nf3 Nxe4 5. d4 d5 6. Bd3 Nc6 7. O-O Be7 
8. c4 Nb4 9. Be2 O-O 10. Nc3 Bf5 11. a3 Nxc3 12. bxc3 Nc6 13. cxd5 Qxd5 
14. Re1 Na5 15. c4 Qd8 16. Bd3 Bg4 17. Rb1 Bf6 18. h3 Bxf3 19. Qxf3 Nc6 
20. d5 Ne5 21. Rxe5 Bxe5 22. Qf5 f6 23. Qxh7+ Kf7 24. Bg6+ Ke7 25. Qxg7+ 
Kd6 26. a4 c5 27. dxc6 bxc6 28. Ba3+ c5 29. Rd1+ Ke6 30. Bf5+ Kxf5 31. 
Qg4# 1-0

[Event "Regular Quad, S40249"]
[Site "CCLA"]
[Date "2014.08.08"]
[Round "?"]
[White "Eife, Gunter"]
[Black "Perry, William E."]
[Result "0-1"]
[WhiteElo "1448"]
[BlackElo "1440"]

1. e4 e5 2. Nf3 Nf6 3. Nxe5 d6 4. Nf3 Nxe4 5. d4 d5 6. Bd3 Nc6 7. O-O Be7 
8. Re1 Bg4 9. c3 f5 10. Nbd2 O-O 11. Qb3 Kh8 12. Be2 Rf6 13. Nxe4 fxe4 14.
 Nd2 Bxe2 15. Rxe2 Bd6 16. Qxb7 Bxh2+ 17. Kxh2 Rb8 18. Qa6 Rh6+ 0-1

[Event "Continuous Server Series, S40069"]
[Site "CCLA"]
[Date "2014.03.03"]
[Round "?"]
[White "Stroup, Jim"]
[Black "Bokiev, Alan"]
[Result "1-0"]
[WhiteElo "1768"]
[BlackElo "1739"]

1. e4 e5 2. Nf3 Nf6 3. d4 exd4 4. e5 Nd5 5. Qxd4 Nb6 6. Nc3 Nc6 7. Qe4 Be7
8. Bf4 O-O 9. O-O-O f5 10. Qd3 d6 11. exd6 Bxd6 12. Bxd6 cxd6 13. Qxd6 Qe8
14. Nd5 Nxd5 15. Bc4 Kh8 16. Bxd5 Rf6 17. Rhe1 Qf8 18. Qc7 h6 19. Bxc6 
Rxc6 20. Qe7 Qxe7 21. Rxe7 Be6 22. Nd4 1-0

[Event "Open Server Series, S40089"]
[Site "CCLA"]
[Date "2014.03.24"]
[Round "?"]
[White "Buss, Michael D."]
[Black "Laaman, Thomas"]
[Result "1-0"]
[WhiteElo "2349"]
[BlackElo "1588"]

1. e4 e5 2. Nf3 Nf6 3. d4 Nxe4 4. Bd3 d5 5. Nxe5 Nd7 6. Nxd7 Bxd7 7. O-O 
Bd6 8. c4 c6 9. cxd5 cxd5 10. Nc3 Nxc3 11. bxc3 O-O 12. Qh5 g6 13. Qxd5 
Qc7 14. g3 Be6 15. Qf3 Qxc3 16. Rb1 Qxd4 17. Be4 Qc4 18. Bxb7 Rad8 19. Bg5
Bg4 20. Qe3 Rb8 21. Rfc1 Qe6 22. Qd4 Be5 23. Qxa7 1-0

[Event "Regular Quad, S40249"]
[Site "CCLA"]
[Date "2014.08.08"]
[Round "?"]
[White "Miner, David"]
[Black "Perry, William E."]
[Result "1-0"]
[WhiteElo "1619"]
[BlackElo "1440"]

1. e4 e5 2. Nf3 Nf6 3. d4 Nxe4 4. Bd3 d5 5. Nxe5 Nd7 6. Nxd7 Bxd7 7. O-O 
Bd6 8. c4 c6 9. cxd5 cxd5 10. Nc3 Nxc3 11. bxc3 O-O 12. Qh5 g6 13. Qxd5 
Qc7 14. Bh6 Rfd8 15. Qf3 Qxc3 16. Qf6 Bf8 17. Bxf8 Kxf8 18. Rac1 Qxd3 19. 
Qh8+ Ke7 20. Rfe1+ Be6 21. Rxe6+ Kd7 22. Rd6+ Ke7 23. Rc7+ 1-0

[Event "Continuous Server Series, S40159"]
[Site "CCLA"]
[Date "2014.05.19"]
[Round "?"]
[White "Martindale, Roger"]
[Black "Poindexter, Jeffrey"]
[Result "0-1"]
[WhiteElo "1209"]
[BlackElo "1327"]

1. e4 e5 2. Nf3 Nc6 3. a3 Nf6 4. d3 d5 5. h3 dxe4 6. dxe4 Qxd1+ 7. Kxd1 
Nxe4 8. Ke1 Bc5 9. Be3 Bxe3 10. fxe3 Ng3 11. Rh2 Bf5 12. Bd3 e4 13. Bb5 
exf3 14. gxf3 O-O 15. c3 Rad8 16. Bc4 Ne5 17. e4 Bxe4 18. fxe4 Nxc4 19. b3
Ne5 20. Nd2 Rxd2 21. Rxd2 Nf3+ 22. Kd1 Nxd2 23. Kxd2 Nxe4+ 24. Kc2 Rd8 25.
 Rd1 Rxd1 26. Kxd1 Nxc3+ 27. Kc2 Nd5 28. Kd2 Kf8 29. Ke2 Ke7 30. Kf3 Ke6 
31. h4 Kf5 0-1

[Event "Regular Quad, S40359"]
[Site "CCLA"]
[Date "2014.10.20"]
[Round "?"]
[White "Martindale, Roger"]
[Black "Williams, Rufus H."]
[Result "1-0"]
[WhiteElo "1209"]
[BlackElo "1222"]

1. e4 e5 2. Nf3 Nc6 3. a3 Nf6 4. d3 a5 5. c4 Nd4 6. Nxe5 d6 7. Nf3 c5 8. 
Nc3 Bd7 9. h3 Be7 10. Nxd4 cxd4 11. Nd5 Nxd5 12. cxd5 O-O 13. Be2 Bf6 14. 
O-O Be5 15. f4 Bf6 16. f5 Be5 17. Bf4 Qh4 18. Bxe5 dxe5 19. Qe1 Qxe1 20. 
Rfxe1 Rac8 21. Rec1 b6 22. b3 f6 23. a4 g6 24. fxg6 hxg6 25. h4 Kg7 26. 
Rf1 Rc2 27. Rf2 Rfc8 28. Kh2 Rc1 29. Rf1 Rxa1 30. Rxa1 Rc2 31. Re1 Rc3 32.
 Rb1 Kh6 33. Bf1 Kg7 34. b4 Bxa4 35. bxa5 bxa5 36. Rb7+ Kg8 37. Ra7 Rc5 
38. d6 Bc6 39. Be2 a4 40. d7 Bxd7 41. Rxd7 Ra5 42. Rd5 Rxd5 43. exd5 Kf8 
44. Bd1 a3 45. Bb3 Ke7 46. g4 e4 47. Kg2 e3 48. Kf1 Kf8 49. h5 gxh5 50. 
gxh5 Kg7 51. d6 Kf8 52. h6 f5 53. h7 Kg7 54. d7 Kxh7 55. d8=Q Kg6 56. Qxd4
1-0

[Event "Herbert W. Gustafson Memorial, S47199"]
[Site "CCLA"]
[Date "2014.10.27"]
[Round "?"]
[White "Martindale, Roger"]
[Black "Benson, Katie J."]
[Result "0-1"]
[WhiteElo "1251"]
[BlackElo "1143"]

1. e4 e5 2. Nf3 Nc6 3. a3 Nf6 4. d3 d6 5. h3 Be7 6. Be2 Nd4 7. Nxd4 exd4 
8. c4 c5 9. Nd2 O-O 10. Nf3 h6 11. Bd2 Nd7 12. b4 b6 13. b5 Ne5 14. Bf4 
Bf6 15. a4 a5 16. Qd2 g5 17. Bg3 Qe7 18. h4 Bg4 19. Nxe5 dxe5 20. Bxg4 Qc7
21. h5 Bg7 22. Bf5 f6 23. Be6+ Kh8 24. Bd5 Rad8 25. Bh2 f5 26. O-O-O fxe4 
27. dxe4 Rf6 28. Rdf1 Bf8 29. Qd3 Bd6 30. Qh3 Qd7 31. Qxd7 Rxd7 32. f3 Rd8
33. g3 Rdf8 34. Rf2 Kg7 35. Rhf1 Bc7 36. f4 exf4 37. gxf4 Bxf4+ 38. Kd1 
Bxh2 39. Rxf6 Rxf6 40. Rf5 Rxf5 0-1

[Event "Herbert W. Gustafson Memorial, S47199"]
[Site "CCLA"]
[Date "2014.10.27"]
[Round "?"]
[White "Martindale, Roger"]
[Black "Lyons, Gage W."]
[Result "1/2-1/2"]
[WhiteElo "1251"]
[BlackElo "1201"]

1. e4 e5 2. Nf3 Nc6 3. a3 Nf6 4. d3 d5 5. Bd2 Nd4 6. h3 Bd6 7. Nxd4 exd4 
8. g4 dxe4 9. c3 dxc3 10. Bxc3 O-O 11. Bg2 exd3 12. Nd2 Be7 13. O-O c5 14.
 b3 Be6 15. Bxb7 Rb8 16. Bf3 Bd5 17. Be5 Bd6 18. Re1 Bxe5 19. Rxe5 Bxf3 
20. Nxf3 Nd7 21. Rd5 Qc7 22. Qxd3 Rfd8 23. Ng5 Nf6 24. Rxd8+ Qxd8 25. Qc4 
Qf8 26. Ne4 Nxe4 27. Qxe4 Rxb3 28. Kg2 g6 29. Qc4 Qa8+ 30. Kg1 1/2-1/2

[Event "Premier Quad, S40439"]
[Site "CCLA"]
[Date "2014.12.19"]
[Round "?"]
[White "Vecchio, Ralph"]
[Black "Fausey, Verna M."]
[Result "1-0"]
[WhiteElo "1815"]
[BlackElo "1747"]

1. e4 e5 2. Nf3 Nc6 3. c3 Nf6 4. d4 Nxe4 5. Bd3 d5 6. dxe5 Bc5 7. Be3 Bxe3
8. fxe3 Bg4 9. O-O Ng5 10. Bb5 Nxf3+ 11. gxf3 Bh3 12. Rf2 Qg5+ 13. Kh1 
Qxe5 14. Qd4 Qxd4 15. cxd4 O-O 16. Nc3 Ne7 17. Bd3 g6 18. Re1 b6 19. e4 
Rad8 20. e5 c5 21. f4 cxd4 22. Nb5 Nc6 23. Rf3 a6 24. Rxh3 axb5 25. Bxb5 
Rc8 26. Rd3 Nb4 27. Rd2 Nxa2 28. Rxd4 Rc2 29. Rxd5 Rxb2 30. Re2 Rb1+ 31. 
Kg2 Nc3 32. Red2 Nxb5 33. R5d3 Rc8 34. Rd8+ Rxd8 35. Rxd8+ Kg7 36. Rd7 Re1
37. Kf2 Re4 38. Kf3 Ra4 39. Ke3 Ra7 40. e6 Rxd7 41. exd7 1-0

[Event "Regular Quad, S40269"]
[Site "CCLA"]
[Date "2014.09.08"]
[Round "?"]
[White "Cantrell, Dennis"]
[Black "Gunning, Edward E."]
[Result "0-1"]
[WhiteElo "1200"]
[BlackElo "1350"]

1. e4 e5 2. Nf3 Nc6 3. d4 d5 4. Nxe5 Nxe5 5. dxe5 dxe4 6. Qxd8+ Kxd8 7. 
Bf4 Be6 8. Nc3 f5 9. O-O-O+ Kc8 10. Rd4 Bc5 11. Ra4 a6 12. Bc4 Bxc4 13. 
Rxc4 b6 14. Rd1 Ne7 15. e6 Rd8 16. Be3 Rxd1+ 17. Kxd1 Kb7 18. Bxc5 bxc5 
19. Rxc5 c6 20. g4 g6 21. h3 Rd8+ 22. Kc1 Rd4 23. gxf5 gxf5 24. Ne2 Rd5 
25. Rxd5 Nxd5 26. Nd4 Ne7 27. b4 Kb6 28. a4 c5 29. a5+ Kc7 30. bxc5 f4 31.
 Kd2 Nd5 32. f3 e3+ 33. Kd3 Nb4+ 34. Ke2 Nc6 35. Nxc6 Kxc6 36. Kd3 Kc7 37.
 c4 h6 38. Ke4 e2 39. Kxf4 e1=Q 40. Kf5 Qh4 41. f4 Qe7 42. Ke5 Kc6 43. f5 
Qg5 44. Ke4 Kxc5 45. Ke5 Qe3+ 46. Kf6 Kd6 47. e7 Qe5+ 48. Kg6 Kxe7 49. h4 
Qf6+ 50. Kh5 Qxf5+ 51. Kxh6 Qxa5 52. h5 Qf5 53. c5 Qxc5 54. Kg7 Qxh5 55. 
Kg8 Qg5+ 56. Kh7 Kf6 57. Kh8 Qg7# 0-1

[Event "Herbert W. Gustafson Memorial, S47209"]
[Site "CCLA"]
[Date "2014.10.27"]
[Round "?"]
[White "Cantrell, Dennis"]
[Black "Lyons, Brenda M."]
[Result "0-1"]
[WhiteElo "1211"]
[BlackElo "1188"]

1. e4 e5 2. Nf3 Nc6 3. d4 Bd6 4. Be3 exd4 5. Nxd4 Be5 6. Nxc6 dxc6 7. 
Qxd8+ Kxd8 8. Nc3 Bxc3+ 9. bxc3 Nf6 10. Bd3 Be6 11. O-O Nd7 12. Rab1 Kc8 
13. Rfd1 Nb6 14. Rb4 a5 15. Rbb1 Na4 16. Bd4 f6 17. Re1 c5 18. Bb5 cxd4 
19. Bxa4 dxc3 20. e5 c6 21. exf6 Bxa2 22. Rbd1 gxf6 23. Bb3 Bxb3 24. cxb3 
a4 25. b4 a3 26. Ra1 Rd8 27. h3 b5 28. Re3 c2 29. Rc3 Rd1+ 30. Kh2 Rxa1 
31. Rxc6+ Kb7 32. Rxc2 Rb1 33. f4 Rb2 34. Rc5 Kb6 35. Rf5 Rxb4 36. Rxf6+ 
Ka5 37. Kg3 a2 38. Kh4 a1=Q 39. g4 Qxf6+ 40. g5 Qxf4+ 41. Kh5 Qh4# 0-1

[Event "Herbert W. Gustafson Memorial, S47209"]
[Site "CCLA"]
[Date "2014.10.27"]
[Round "?"]
[White "Sullivan, Terry"]
[Black "Cantrell, Dennis"]
[Result "0-1"]
[WhiteElo "1089"]
[BlackElo "1211"]

1. e4 e5 2. Nf3 Nc6 3. d4 exd4 4. Bd3 d6 5. O-O Nf6 6. Nc3 dxc3 7. Bf4 Bg4
8. Bb5 cxb2 9. Qb1 bxa1=Q 10. Qxa1 Nxe4 11. Rd1 Qf6 12. c3 O-O-O 13. Bxc6 
Qxf4 14. Qb2 bxc6 15. Rb1 Bxf3 16. Qb8+ Kd7 17. Qb7 Nxc3 18. Re1 Be4 19. 
a4 Nxa4 20. Qb3 Bd5 21. Qb7 Qd2 0-1

[Event "Herbert W. Gustafson Memorial Open, S47079"]
[Site "CCLA"]
[Date "2014.10.27"]
[Round "?"]
[White "Smail, John"]
[Black "Fausey, Verna M."]
[Result "1-0"]
[WhiteElo "1836"]
[BlackElo "1747"]

1. e4 e5 2. Nf3 Nc6 3. d4 exd4 4. c3 dxc3 5. Bc4 cxb2 6. Bxb2 Bb4+ 7. Nc3 
Nf6 8. Qc2 d6 9. O-O-O O-O 10. e5 Ng4 11. Nd5 Bc5 12. exd6 cxd6 13. Qc3 
Nce5 14. Nxe5 Nxf2 15. Ng6 Qg5+ 16. Rd2 Nd3+ 17. Bxd3 f6 18. Nxf8 Kxf8 19.
 Re1 Qxd5 20. Bg6 Qc6 21. Re8+ Qxe8 22. Bxe8 Kxe8 23. Re2+ Kf8 24. Qf3 Bd7
25. Bxf6 gxf6 26. Qxf6+ Kg8 27. Re7 1-0

[Event "Open Server Series, S40039"]
[Site "CCLA"]
[Date "2014.01.31"]
[Round "?"]
[White "Welch, Kevin"]
[Black "Shannon, Paul D."]
[Result "0-1"]
[WhiteElo "1689"]
[BlackElo "1832"]

1. e4 e5 2. Nf3 Nc6 3. d4 exd4 4. Nxd4 Nge7 5. Bb5 Nxd4 6. Qxd4 c6 7. Bc4 
d5 8. exd5 Nxd5 9. Nc3 Be6 10. O-O Nxc3 11. Qxc3 Bxc4 12. Qxc4 Be7 13. Bf4
O-O 0-1

[Event "Herbert W Gustafson Memorial, S47129"]
[Site "CCLA"]
[Date "2014.10.27"]
[Round "?"]
[White "Berger, Byron"]
[Black "Shaffer, Aaron"]
[Result "1-0"]
[WhiteElo "1516"]
[BlackElo "1383"]

1. e4 e5 2. Nf3 Nc6 3. d4 exd4 4. Nxd4 d5 5. Nxc6 bxc6 6. exd5 cxd5 7. 
Bb5+ Bd7 8. Qxd5 c6 9. Bxc6 Rc8 10. Bxd7+ Qxd7 11. Qxd7+ Kxd7 12. Nc3 1-0

[Event "Summer Server Series, S40061"]
[Site "CCLA"]
[Date "2014.07.28"]
[Round "?"]
[White "Capuzzi, Gabriele"]
[Black "Smail, John"]
[Result "1/2-1/2"]
[WhiteElo "1775"]
[BlackElo "1836"]

1. d4 Nc6 2. e4 e5 3. Nf3 exd4 4. Nxd4 Qh4 5. Nc3 Bb4 6. Be2 Bxc3+ 7. bxc3
Qxe4 8. Nb5 Kd8 9. O-O Nge7 10. Re1 Qd5 11. Bf4 d6 12. Bd3 a6 13. c4 Qc5 
14. Be3 Qe5 15. Na3 Qf6 16. Qd2 h6 17. c3 Bf5 18. Nc2 Bxd3 19. Qxd3 Qg6 
20. Qd2 Ne5 21. Qe2 b6 22. c5 bxc5 23. Bxc5 Qd3 24. Bd4 Qxe2 25. Rxe2 N7g6
26. Rb1 Kd7 27. Ne3 Rab8 28. Rb3 c5 29. Bxe5 Nxe5 30. Kf1 c4 31. Ra3 Rb1+ 
32. Re1 Rxe1+ 33. Kxe1 Ra8 34. h3 Kc6 35. Ra5 g6 36. Kd2 Kb6 37. Rd5 Kc6 
38. f4 Nd7 39. Rd4 Nb6 40. Nxc4 Nd5 41. a4 Rb8 42. Kd3 1/2-1/2

[Event "Winter Server Series, S40041"]
[Site "CCLA"]
[Date "2014.01.27"]
[Round "?"]
[White "Anderson, Lawrence D."]
[Black "Smiley, William R."]
[Result "1/2-1/2"]
[WhiteElo "1365"]
[BlackElo "1530"]

1. e4 e5 2. Nf3 Nc6 3. d4 exd4 4. Nxd4 Nf6 5. Nxc6 bxc6 6. e5 Nd5 7. c4 
Nb6 8. Bd3 Bb4+ 9. Bd2 Bxd2+ 10. Nxd2 Qg5 11. O-O O-O 12. Nf3 Qd8 13. b3 
d6 14. Be4 Bb7 15. exd6 cxd6 16. Qd2 Re8 17. Rfe1 Qf6 18. Rad1 Rad8 19. 
Re3 d5 20. cxd5 cxd5 21. Bb1 g6 22. Nd4 Nd7 23. Rxe8+ Rxe8 24. Kf1 Ba6+ 
1/2-1/2

[Event "Herbert W. Gustafson Memorial, S47189"]
[Site "CCLA"]
[Date "2014.10.27"]
[Round "?"]
[White "Williams, Rufus H."]
[Black "Haase, F. Philip"]
[Result "1/2-1/2"]
[WhiteElo "1309"]
[BlackElo "1641"]

1. e4 e5 2. Nf3 Nc6 3. d4 exd4 4. Nxd4 Bc5 5. Nxc6 Qf6 6. Na5 Bb4+ 7. Bd2 
Qd4 8. Nc3 Bxa5 9. Be2 Bxc3 10. Bxc3 Qxe4 11. O-O Nf6 12. Re1 O-O 13. Bd3 
Qc6 1/2-1/2